| 000 | 00846nam a2200241 a 4500 | ||
|---|---|---|---|
| 001 | 000026411 | ||
| 005 | 20250924073802.0 | ||
| 008 | 110317s1998 dr 000 0 spa d | ||
| 040 |
_aDO-SdBNP _bspa _cBNPHU |
||
| 082 |
_axxx _bL735e |
||
| 100 | 1 |
_aLinares, Manuel _953454 |
|
| 245 | 1 | 0 |
_aEconomía Dominicana : _bretos presentes y prospectivas / _cManuel Linares. |
| 260 |
_aSanto Domingo : _bUASD, _c1998. |
||
| 300 |
_a227 p. ; _c21 cm. |
||
| 490 | 1 |
_aEconomía y sociedad _v9 |
|
| 490 | 1 | _aPublicaciones de la Universidad Autónoma de Santo Domingo | |
| 500 | _aIncluye notas al pie de páginas | ||
| 504 | _aBibliografías p. 215-224 | ||
| 710 | 1 |
_aUniversidad Autónoma de Santo Domingo _972951 |
|
| 830 |
_aPublicaciones de la Universidad Autónoma de Santo Domingo _952 |
||
| 830 | 0 |
_aEconomía y sociedad _n9 _953455 |
|
| 049 | _aBNPD | ||
| 999 |
_c25903 _d25903 |
||